Từ điển kinh tế kinh doanh Anh - Việt

में बचाया:
ग्रंथसूची विवरण
मुख्य लेखक: NGUYỄN ĐỨC DỴ
स्वरूप: पुस्तक
भाषा:Undetermined
प्रकाशित: KHKT 2000
टैग : टैग जोड़ें
कोई टैग नहीं, इस रिकॉर्ड को टैग करने वाले पहले व्यक्ति बनें!
Thư viện lưu trữ: Trung tâm Học liệu Trường Đại học Cần Thơ
LEADER 00423nam a2200145Ia 4500
001 CTU_49080
008 210402s9999 xx 000 0 und d
082 |a 330.03 
082 |b D600 
100 |a NGUYỄN ĐỨC DỴ 
245 0 |a Từ điển kinh tế kinh doanh Anh - Việt 
245 0 |c NGUYỄN ĐỨC DỴ 
260 |b KHKT 
260 |c 2000 
980 |a Trung tâm Học liệu Trường Đại học Cần Thơ